In need of more light (Record no. 118282)
[ view plain ]
| 000 -LEADER | |
|---|---|
| fixed length control field | 01688cam a2200337 4500 |
| 001 - CONTROL NUMBER | |
| control field | ABS68482 |
| 008 - FIXED-LENGTH DATA ELEMENTS--GENERAL INFORMATION | |
| fixed length control field | 041109n2004 000 0 eng u |
| 035 ## - SYSTEM CONTROL NUMBER | |
| System control number | (Sirsi) u127926 |
| 100 ## - MAIN ENTRY--PERSONAL NAME | |
| Personal name | Smulian, M. |
| 245 ## - TITLE STATEMENT | |
| Title | In need of more light |
| 260 ## - PUBLICATION, DISTRIBUTION, ETC. | |
| Date of publication, distribution, etc. | 2004 |
| 490 ## - SERIES STATEMENT | |
| Series statement | Axis |
| Volume/sequential designation | 58(4) September/October 2004, 18(1) |
| 520 ## - SUMMARY, ETC. | |
| Summary, etc. | Report on the economic impact of withdrawal from development and extension of light railway systems in the wake of the transport white paper. Looks at responses to the cancellation of tram system extensions in Greater Manchester and new tramline proposals in Leeds and south Hampshire on cost grounds. Light rail has not been dealt a death blow as proposals have been submitted for two new Supertram lines to serve Sheffield and Rotherham. Tables cover light rail passenger journeys from 1996/97 to date and details of the cancelled projects. The "Future of transport" white paper is available at www.dft.gov.uk. |
| 590 ## - LOCAL NOTE (RLIN) | |
| Local note | ABS |
| 590 ## - LOCAL NOTE (RLIN) | |
| Local note | ABS |
| 650 ## - SUBJECT ADDED ENTRY--TOPICAL TERM | |
| Topical term or geographic name entry element | NOTTINGHAM |
| 650 ## - SUBJECT ADDED ENTRY--TOPICAL TERM | |
| Topical term or geographic name entry element | ROTHERHAM |
| 650 ## - SUBJECT ADDED ENTRY--TOPICAL TERM | |
| Topical term or geographic name entry element | DOCKLANDS LIGHT RAILWAY |
| 650 ## - SUBJECT ADDED ENTRY--TOPICAL TERM | |
| Topical term or geographic name entry element | TYNE AND WEAR |
| 650 ## - SUBJECT ADDED ENTRY--TOPICAL TERM | |
| Topical term or geographic name entry element | CROYDON |
| 650 ## - SUBJECT ADDED ENTRY--TOPICAL TERM | |
| Topical term or geographic name entry element | TRAMWAYS |
| 650 ## - SUBJECT ADDED ENTRY--TOPICAL TERM | |
| Topical term or geographic name entry element | LEEDS |
| 650 ## - SUBJECT ADDED ENTRY--TOPICAL TERM | |
| Topical term or geographic name entry element | SHEFFIELD |
| 650 ## - SUBJECT ADDED ENTRY--TOPICAL TERM | |
| Topical term or geographic name entry element | LIGHT RAILWAYS |
| 650 ## - SUBJECT ADDED ENTRY--TOPICAL TERM | |
| Topical term or geographic name entry element | SOUTH HAMPSHIRE |
| 650 ## - SUBJECT ADDED ENTRY--TOPICAL TERM | |
| Topical term or geographic name entry element | MANCHESTER |
| 690 ## - LOCAL SUBJECT ADDED ENTRY--TOPICAL TERM (OCLC, RLIN) | |
| Topical term or geographic name as entry element | TRANSPORT AND COMMUNICATIONS |
| 856 ## - ELECTRONIC LOCATION AND ACCESS | |
| Uniform Resource Identifier | <a href="https://www.dft.gov.uk/stellent/groups/dft_about/documents/divisionhomepage/031259.hcsp">https://www.dft.gov.uk/stellent/groups/dft_about/documents/divisionhomepage/031259.hcsp</a> |
| Public note | View the "Future of transport" white paper on the DfT websiteƯ |
| 856 ## - ELECTRONIC LOCATION AND ACCESS | |
| Uniform Resource Identifier | <a href="https://www.dft.gov.uk/stellent/groups/dft_about/documents/divisionhomepage/031259.hcsp">https://www.dft.gov.uk/stellent/groups/dft_about/documents/divisionhomepage/031259.hcsp</a> |
| Public note | View the "Future of transport" white paper on the DfT websiteƯ |
| 942 ## - ADDED ENTRY ELEMENTS (KOHA) | |
| Suppress in OPAC | 0 |
| Withdrawn status | Lost status | Source of classification or shelving scheme | Damaged status | Not for loan | Home library | Current library | Shelving location | Date acquired | Total Checkouts | Full call number | Barcode | Date last seen | Copy number | Price effective from | Koha item type |
|---|---|---|---|---|---|---|---|---|---|---|---|---|---|---|---|
| Dewey Decimal Classification | London | London | Journal article | 09/11/2004 | ABS68482 | 127926-1001 | 06/08/2019 | 1 | 06/08/2019 | Journal article |